000 00484nam a2200193Ia 4500
003 GCL
008 140319s9999 xx 000 0 eng d
040 _aGCL /
_cGCL
082 0 4 _a160
_bJ C
100 1 _aJACKSON, FRANK
245 1 0 _aCONDITIONALS /
_cJACKSON, FRANK
260 _a[S.N] :
_bOXFORD UNIVERSITY PRESS ،
_c1991
300 _a238 P
650 0 4 _aPHILOSOPHY
650 0 4 _aLOGIC
650 0 4 _aCONDITIONALS LOGIC
650 0 4 _aLANGUAGE - PHILOSOPHY
942 _2ddc
_cBK
999 _c21224
_d21224